| 000 | 01180 a2200217 4500 | ||
|---|---|---|---|
| 003 | Nust | ||
| 005 | 20220802131053.0 | ||
| 010 | _a 97131671 | ||
| 020 | _a186094034X (pbk.) | ||
| 035 | _a(OCoLC)36464006 | ||
| 040 | _cNust | ||
| 082 | 0 | 0 | _a600,COO |
| 100 | 1 |
_aGoodlad, Sinclair. _996283 |
|
| 245 | 1 | 0 |
_aSpeaking Technically : _ba Handbook for Scientists, Engineers, and Physicians on how to Improve Technical Presentations / _cSinclair Goodlad. |
| 260 |
_aLondon, Eng. : _bImperial College Press ; _aRiver Edge, NJ : _bdistributed by World Scientific, _cc1996. |
||
| 300 |
_aix, 112 p. : _bill. ; _c22 cm. |
||
| 505 | _aA Professional Job (Page-1), Decide your Purpose: Who will do What (Page-7), Planning the support work: the Frame of reference (Page-17), Starting, Stopping, and Signposting (Page-35), Speaking Technique (Page-47), The Use and Abuse of Visual aids (Page-59), Planning the Support Work (Page-69), Some Special Situations (Page-75), Chairing Sessions and Managing Questions in Large Meetings (Page-91), Count-Down Check List (Page-97). | ||
| 650 | 0 |
_aCommunication of technical information. _925586 |
|
| 650 | 0 |
_aPublic speaking. _930004 |
|
| 942 |
_cREF _2ddc |
||
| 999 |
_c175470 _d175470 |
||